室町幕府の征夷大将軍 - Statistics

General Stats
  • This quiz has been taken 21 times
  • The average score is 11 of 16
Answer Stats
名前(足利) % Correct
1 尊氏
100%
2 義詮
93%
8 義政
93%
15 義昭
93%
3 義満
87%
13 義輝
80%
6 義教
73%
10 義材
67%
10(再) 義稙
67%
14 義栄
67%
4 義持
60%
7 義勝
60%
9 義尚
53%
12 義晴
53%
5 義量
47%
11 義澄
33%
No matching quizzes found
Score Distribution
Percent of People with Each Score
Percentile by Number Answered
Your Score History
You have not taken this quiz